[Event "SR 2. liga A 2016/2017"]
[Site "?"]
[Date "2017.03.11"]
[Round "10.4"]
[White "Sturdik, Igor"]
[Black "Hurban, Martin"]
[Result "1/2-1/2"]
[WhiteElo "1958"]
[BlackElo "1992"]
[PlyCount "90"]
[EventDate "2016.??.??"]

1. e4 e6 2. d4 d5 3. Nc3 Bb4 4. exd5 exd5 5. Nf3 Ne7 6. Bd3 h6 7. h3 O-O 8. O-O
c6 9. Ne2 Nd7 10. c3 Bd6 11. Bf4 Qc7 12. Bxd6 Qxd6 13. Re1 Ng6 14. Qc2 Nf4 15.
Nxf4 Qxf4 16. Ne5 Nxe5 17. Rxe5 Be6 18. Rae1 Rae8 19. Qc1 Qxc1 20. Rxc1 g5 21.
Rce1 Kg7 22. Bf5 Kf6 23. Kh2 Re7 24. Kg3 Rfe8 25. Bg4 a5 26. f4 b6 27. fxg5+
hxg5 28. Bxe6 Rxe6 29. Rxe6+ fxe6 30. Kg4 c5 31. Re5 cxd4 32. cxd4 Rc8 33. Re2
Rc4 34. Rf2+ Kg6 35. Rd2 e5 36. b3 Rb4 37. a3 Rxb3 38. dxe5 Rxa3 39. Rxd5 Ra4+
40. Kf3 Kf7 41. Rb5 Ke6 42. Rxb6+ Kxe5 43. Rb5+ Kf6 44. Rb6+ Kf5 45. Rb5+ Kf6
1/2-1/2

[Event "SR 2. liga A 2016/2017"]
[Site "?"]
[Date "2017.03.11"]
[Round "10.4"]
[White "Kucera, Michal"]
[Black "Mosny, Jaroslav"]
[Result "0-1"]
[WhiteElo "1945"]
[BlackElo "1961"]
[PlyCount "72"]
[EventDate "2016.??.??"]

1. e4 e5 2. Nf3 d6 3. d4 exd4 4. Nxd4 g6 5. Nc3 Bg7 6. Be3 Nf6 7. Be2 O-O 8. f3
Re8 9. Bg5 Be6 10. Qd2 Nc6 11. Nxe6 fxe6 12. O-O-O Ne5 13. h4 Nf7 14. g4 a6 15.
Bd3 b5 16. Qg2 b4 17. Ne2 c5 18. Bf4 Nd7 19. g5 Nde5 20. Bxe5 Nxe5 21. f4 c4
22. fxe5 cxd3 23. Rxd3 Bxe5 24. h5 Qc7 25. hxg6 hxg6 26. Nd4 Qg7 27. Rhd1 Rac8
28. Kb1 Rc4 29. Nf3 Rxe4 30. Nxe5 Qxe5 31. a3 bxa3 32. Rxa3 Rb8 33. b3 d5 34.
Rf1 Rf8 35. Rxf8+ Kxf8 36. c3 Re1+ 0-1

[Event "SR 2. liga A 2016/2017"]
[Site "?"]
[Date "2017.03.11"]
[Round "10.4"]
[White "Doucha, Ludvig"]
[Black "Ochrana, Ladislav"]
[Result "1/2-1/2"]
[WhiteElo "1900"]
[BlackElo "1952"]
[PlyCount "77"]
[EventDate "2016.??.??"]

1. e4 c5 2. c4 e6 3. Nc3 b6 4. Nge2 Bb7 5. Nf4 Nc6 6. d3 Nf6 7. g3 Nb4 8. a3
Na6 9. Bg2 Be7 10. O-O O-O 11. Re1 Qb8 12. e5 Ne8 13. h4 Bxg2 14. Nxg2 d6 15.
Bf4 dxe5 16. Bxe5 Bd6 17. f4 Qd8 18. Qe2 Nac7 19. Rad1 Qe7 20. Kh2 Nf6 21. d4
cxd4 22. Bxd4 Rfd8 23. Ne3 Rd7 24. Qf3 Rad8 25. Nf5 Qf8 26. Bxf6 gxf6 27. Nxd6
Rxd6 28. Rxd6 Qxd6 29. Rd1 Qe7 30. b4 Rxd1 31. Qxd1 Ne8 32. Qd3 f5 33. Qd4 Nf6
34. c5 Ng4+ 35. Kg1 Qb7 36. Qd8+ Kg7 37. Qg5+ Kh8 38. Qd8+ Kg7 39. Qg5+ 1/2-1/2

[Event "SR 2. liga A 2016/2017"]
[Site "?"]
[Date "2017.03.11"]
[Round "10.4"]
[White "Gzib, David"]
[Black "Krist, Milan"]
[Result "1/2-1/2"]
[WhiteElo "1790"]
[BlackElo "1826"]
[PlyCount "113"]
[EventDate "2016.??.??"]

1. e4 e6 2. d4 d5 3. Nc3 Nf6 4. e5 Nfd7 5. Nce2 c5 6. c3 cxd4 7. cxd4 f6 8. Nf4
Bb4+ 9. Bd2 Bxd2+ 10. Qxd2 Qb6 11. Nf3 fxe5 12. Nxe5 Nxe5 13. dxe5 Nc6 14. Be2
O-O 15. O-O Qd4 16. Nd3 Nxe5 17. Rad1 Nxd3 18. Bxd3 Qf6 19. Qc2 g6 20. Rde1 Bd7
21. Qc7 Bc6 22. Qd6 Rae8 23. Re3 e5 24. Qxf6 Rxf6 25. f3 Kg7 26. Rfe1 Rfe6 27.
Kf2 Kf6 28. Kg3 h6 29. Kf2 R8e7 30. Kg3 Bd7 31. Rc1 Rc6 32. Rxc6+ bxc6 33. b3
Bf5 34. Bxf5 Kxf5 35. Kf2 Ke6 36. Ke2 Kd6 37. Kd3 Kc5 38. a3 Kd6 39. b4 a5 40.
Re2 axb4 41. axb4 Rb7 42. Rb2 c5 43. bxc5+ Kc6 44. Re2 Re7 45. Rc2 Ra7 46. Rb2
Ra3+ 47. Ke2 Kxc5 48. Rc2+ Kd6 49. Rb2 Ra6 50. g3 Kc5 51. Rc2+ Kd4 52. Rd2+ Kc4
53. Rc2+ Kd4 54. Rd2+ Kc5 55. Rc2+ Kd6 56. Rb2 g5 57. h3 1/2-1/2

[Event "SR 2. liga A 2016/2017"]
[Site "?"]
[Date "2017.03.11"]
[Round "10.4"]
[White "Holicky, Miroslav"]
[Black "Jurcak, Marian"]
[Result "1-0"]
[WhiteElo "1808"]
[BlackElo "1793"]
[PlyCount "99"]
[EventDate "2016.??.??"]

1. d4 e6 2. Nf3 f5 3. d5 Be7 4. dxe6 dxe6 5. Qxd8+ Bxd8 6. Bf4 Nf6 7. Nc3 Nd5
8. Be5 O-O 9. Nxd5 exd5 10. O-O-O c6 11. e3 Nd7 12. Bd6 Re8 13. c4 Nf6 14. cxd5
cxd5 15. Bb5 Re6 16. Be5 a6 17. Ba4 b5 18. Bb3 Bb7 19. Bxf6 Bxf6 20. Bxd5 Bxd5
21. Rxd5 Rc8+ 22. Kb1 f4 23. exf4 Re4 24. g3 b4 25. Rc1 Rce8 26. Rdc5 Re2 27.
R5c2 h6 28. Rxe2 Rxe2 29. Rc2 Re6 30. Rd2 Kh7 31. h4 Kg6 32. g4 Re4 33. f5+ Kh7
34. g5 hxg5 35. hxg5 Be7 36. Rd7 Bf8 37. Nd4 Rf4 38. f3 Rh4 39. Ne6 Rh1+ 40.
Kc2 Rh2+ 41. Kb3 Rh3 42. Nxf8+ Kg8 43. Rd8 Rxf3+ 44. Kxb4 Rxf5 45. g6 Rxf8 46.
Rxf8+ Kxf8 47. Ka5 Ke7 48. Kxa6 Kf6 49. b4 Kxg6 50. b5 1-0

[Event "SR 2. liga A 2016/2017"]
[Site "?"]
[Date "2017.03.11"]
[Round "10.5"]
[White "Farkas, Gabor"]
[Black "Pechac, Jergus"]
[Result "0-1"]
[WhiteElo "2368"]
[BlackElo "2444"]
[PlyCount "78"]
[EventDate "2016.??.??"]

1. d4 Nf6 2. c4 e6 3. Nf3 d5 4. e3 Nbd7 5. b3 Bb4+ 6. Bd2 Bd6 7. c5 Be7 8. Nc3
O-O 9. Bd3 Re8 10. Qc2 Bf8 11. Ng5 g6 12. f4 a5 13. h4 h6 14. Nf3 h5 15. Ne5
Nxe5 16. fxe5 Ng4 17. Bxg6 fxg6 18. Qxg6+ Bg7 19. Qxh5 Nh6 20. e4 Nf7 21. O-O-O
Rf8 22. Qg4 Kh8 23. h5 Rg8 24. Qf3 Ng5 25. Qe3 Bh6 26. Rdf1 Rf8 27. Rxf8+ Qxf8
28. exd5 a4 29. b4 exd5 30. Nxd5 Qf7 31. e6 Bxe6 32. Nf4 Bf5 33. d5 Re8 34.
Bc3+ Kh7 35. Qd4 Ne4 36. Rf1 Nxc3 37. Qxc3 Qxd5 38. Kb2 a3+ 39. Ka1 Qc4 0-1

[Event "SR 2. liga A 2016/2017"]
[Site "?"]
[Date "2017.03.11"]
[Round "10.5"]
[White "Jablonicky, Martin"]
[Black "Gruca, Miroslav"]
[Result "1-0"]
[WhiteElo "2271"]
[BlackElo "2191"]
[PlyCount "39"]
[EventDate "2016.??.??"]

1. e4 c6 2. d4 d5 3. exd5 cxd5 4. c4 Nf6 5. Nc3 Nc6 6. Nf3 Bg4 7. cxd5 Nxd5 8.
Qb3 Bxf3 9. gxf3 e6 10. Qxb7 Nxd4 11. Bb5+ Nxb5 12. Qc6+ Ke7 13. Qc5+ Nd6 14.
Nxd5+ exd5 15. Qxd5 Kd7 16. O-O Rb8 17. Rd1 Qf6 18. Bg5 Qe6 19. Qc5 Rc8 20.
Qb5+ 1-0

[Event "SR 2. liga A 2016/2017"]
[Site "?"]
[Date "2017.03.11"]
[Round "10.5"]
[White "Slacky, Stanislav"]
[Black "Chovan, Milan"]
[Result "1/2-1/2"]
[WhiteElo "2231"]
[BlackElo "2288"]
[PlyCount "66"]
[EventDate "2016.??.??"]

1. d4 Nf6 2. c4 g6 3. Nf3 Bg7 4. g3 O-O 5. Bg2 d6 6. Nc3 Nc6 7. O-O a6 8. h3
Rb8 9. b3 b5 10. cxb5 axb5 11. Bb2 b4 12. Nb1 Bb7 13. Nbd2 Na7 14. Qc2 Nd7 15.
Nc4 c5 16. dxc5 Bxb2 17. Qxb2 Nxc5 18. Ne3 Nb5 19. Ng4 f6 20. Nd4 Bxg2 21. Kxg2
Qd7 22. Nxb5 Qxb5 23. h4 Ne6 24. Rac1 Rfc8 25. Qd2 Rc5 26. Rxc5 dxc5 27. h5 Rd8
28. Qe3 Qc6+ 29. f3 g5 30. Rc1 Qd5 31. Rd1 Qxd1 32. Qxe6+ Kf8 33. Nxf6 exf6
1/2-1/2

[Event "SR 2. liga A 2016/2017"]
[Site "?"]
[Date "2017.03.11"]
[Round "10.5"]
[White "Danada, Tomas"]
[Black "Pusec, Pavel"]
[Result "1-0"]
[WhiteElo "2235"]
[BlackElo "1970"]
[PlyCount "72"]
[EventDate "2016.??.??"]

1. d4 f5 2. g3 e6 3. Bg2 Nf6 4. c4 d5 5. Nf3 c6 6. O-O Bd6 7. Nc3 Nbd7 8. Rb1
O-O 9. b4 Ne4 10. Qc2 Nxc3 11. Qxc3 Nf6 12. b5 cxb5 13. c5 Bc7 14. Rxb5 Ne4 15.
Qc2 Rb8 16. Bf4 Bxf4 17. gxf4 Qc7 18. Ne5 Nd6 19. Rb2 Nf7 20. Nd3 Bd7 21. Rfb1
Rfc8 22. Qd2 g6 23. Rb3 Kg7 24. Qb2 Bc6 25. Nb4 Qxf4 26. Nxc6 Rxc6 27. Rxb7
Rxb7 28. Qxb7 Qc7 29. Qa8 Qd7 30. Rb8 Ra6 31. Rg8+ Kf6 32. Qf8 Rxa2 33. Qg7+
Kg5 34. h4+ Kg4 35. Qxh7 Ra1+ 36. Kh2 Qc7+ 1-0

[Event "SR 2. liga A 2016/2017"]
[Site "?"]
[Date "2017.03.11"]
[Round "10.5"]
[White "Pozsar, Peter"]
[Black "Slobodnik, Michal"]
[Result "1/2-1/2"]
[WhiteElo "1903"]
[BlackElo "2112"]
[PlyCount "81"]
[EventDate "2016.??.??"]

1. e4 Nf6 2. e5 Nd5 3. d4 d6 4. c4 Nb6 5. f4 dxe5 6. fxe5 c5 7. d5 e6 8. Nc3
exd5 9. cxd5 c4 10. a3 Bc5 11. Nf3 Bg4 12. Be2 O-O 13. Ne4 N8d7 14. Bf4 Re8 15.
Rc1 Rc8 16. b4 cxb3 17. Rxc5 Nxc5 18. Nd6 Bxf3 19. gxf3 Qh4+ 20. Bg3 Qa4 21.
Bb5 Qa5+ 22. Kf2 Red8 23. Nxc8 Rxc8 24. Be2 Rd8 25. d6 Qa4 26. Rg1 Ne6 27. Qa1
h5 28. h4 Rc8 29. Rc1 Rxc1 30. Qxc1 Qd4+ 31. Qe3 b2 32. Qxd4 Nxd4 33. Bd3 Nd5
34. e6 Nxe6 35. Be5 Nc5 36. Bb1 Kf8 37. Bxb2 Nb6 38. Bd4 Ne6 39. Be3 Ke8 40.
Be4 Kd7 41. Bxb7 1/2-1/2

[Event "SR 2. liga A 2016/2017"]
[Site "?"]
[Date "2017.03.11"]
[Round "10.5"]
[White "Jablonicky, Frantisek"]
[Black "Cibik, Jan"]
[Result "0-1"]
[WhiteElo "2074"]
[BlackElo "1842"]
[PlyCount "52"]
[EventDate "2016.??.??"]

1. Nf3 Nf6 2. d4 d5 3. c4 e6 4. g3 dxc4 5. Bg2 c5 6. Qa4+ Nc6 7. dxc5 Bxc5 8.
Qxc4 Qb6 9. O-O Na5 10. Qc2 Bd7 11. Ne5 O-O 12. Nc3 Rac8 13. Bg5 Bb5 14. a4 Be8
15. Bxf6 gxf6 16. Ng4 Be7 17. Rab1 Nc4 18. h4 f5 19. Nh2 f4 20. gxf4 Bxh4 21.
Nf3 Bf6 22. Ng5 Bxg5 23. fxg5 f5 24. gxf6 Rxf6 25. Ne4 Rg6 26. Rfd1 Rxg2+ 0-1

[Event "SR 2. liga A 2016/2017"]
[Site "?"]
[Date "2017.03.11"]
[Round "10.5"]
[White "Vitazka, Juraj"]
[Black "Zigo, Rastislav"]
[Result "1/2-1/2"]
[WhiteElo "1762"]
[BlackElo "1977"]
[PlyCount "71"]
[EventDate "2016.??.??"]

1. e4 e5 2. Nc3 Nf6 3. Bc4 Be7 4. d3 Nc6 5. Nd5 Nxd5 6. Bxd5 d6 7. Be3 O-O 8.
h3 a6 9. Ne2 Be6 10. Nc3 Qd7 11. Qd2 Rab8 12. Bg5 Bxg5 13. Qxg5 Nd4 14. Qd2 c6
15. Bxe6 Nxe6 16. Ne2 f5 17. f3 Rbd8 18. O-O-O c5 19. c3 f4 20. Kb1 b5 21. Qe1
Qe7 22. h4 a5 23. Qf2 Qf7 24. d4 cxd4 25. cxd4 Qb7 26. Rd2 Rd7 27. Rhd1 Rfd8
28. dxe5 dxe5 29. Nc3 Rxd2 30. Rxd2 Nd4 31. Qf1 Qc8 32. Qd1 h6 33. Nd5 Kh7 34.
Nxf4 Nxf3 35. gxf3 exf4 36. Rd7 1/2-1/2

[Event "SR 2. liga A 2016/2017"]
[Site "?"]
[Date "2017.03.11"]
[Round "10.5"]
[White "Lukacovic, Miroslav"]
[Black "Meszaros, Laszlo"]
[Result "1-0"]
[WhiteElo "1977"]
[BlackElo "1614"]
[PlyCount "53"]
[EventDate "2016.??.??"]

1. d4 d5 2. Nf3 c6 3. Bf4 Nf6 4. c3 Nbd7 5. e3 Ne4 6. Nbd2 Ndf6 7. Bd3 Bg4 8.
Qb3 Bc8 9. Bxe4 Nxe4 10. Nxe4 dxe4 11. Ng5 Qd5 12. Qc2 f5 13. Qe2 h5 14. Be5
Be6 15. b3 Bg8 16. O-O e6 17. Rfd1 Qd8 18. h4 Qd7 19. c4 Bd6 20. c5 Bc7 21. g3
O-O-O 22. b4 Bxe5 23. dxe5 Qe7 24. Rd6 Bf7 25. Rad1 Rhe8 26. R1d2 Bg8 27. Qxh5
1-0

[Event "SR 2. liga A 2016/2017"]
[Site "?"]
[Date "2017.03.11"]
[Round "10.6"]
[White "Keresztes, Richard"]
[Black "Jozefek, Michal"]
[Result "1/2-1/2"]
[WhiteElo "2188"]
[BlackElo "2184"]
[PlyCount "142"]
[EventDate "2016.??.??"]

1. Nf3 Nf6 2. c4 c5 3. b3 g6 4. Bb2 Bg7 5. g3 O-O 6. Bg2 Nc6 7. O-O d6 8. d3 a6
9. Nbd2 Rb8 10. Qc1 Bg4 11. h3 Bd7 12. Ne4 Nxe4 13. dxe4 Bxb2 14. Qxb2 b5 15.
Rac1 Qc7 16. Rfd1 f6 17. Nd2 Rfc8 18. f4 Be6 19. Kh2 Qa5 20. cxb5 axb5 21. e5
dxe5 22. Bxc6 Rxc6 23. fxe5 f5 24. Nf3 Qb6 25. e3 h6 26. Qc2 Rbc8 27. g4 Kh7
28. gxf5 Bxf5 29. e4 Be6 30. Qg2 Rf8 31. Nh4 g5 32. Nf3 Qc7 33. Qg3 Ra6 34. Rc2
Qb7 35. Re1 c4 36. Rg2 Rg8 37. Nd4 cxb3 38. axb3 Qd7 39. Nxe6 Qxe6 40. Rd1 Ra3
41. Rd5 b4 42. Qf3 Rg7 43. Rf2 g4 44. hxg4 Rxg4 45. Qf5+ Qg6 46. Qf7+ Qxf7 47.
Rxf7+ Rg7 48. Rxg7+ Kxg7 49. Rd3 Kf7 50. Kg3 Ke6 51. Kf4 h5 52. Rh3 Ra1 53.
Rxh5 Rf1+ 54. Ke3 Rb1 55. Kd4 Rxb3 56. Rh6+ Kd7 57. Kc4 Rb1 58. Rb6 Re1 59. Kd4
Rd1+ 60. Kc4 Rc1+ 61. Kd4 Rb1 62. Kc4 b3 63. Rxb3 Rxb3 64. Kxb3 Ke6 65. Kc4
Kxe5 66. Kd3 Kf4 67. Kd4 e6 68. e5 Kf3 69. Kd3 Kf4 70. Kd4 Kf5 71. Kd3 Kxe5
1/2-1/2

[Event "SR 2. liga A 2016/2017"]
[Site "?"]
[Date "2017.03.11"]
[Round "10.6"]
[White "Spacek, Oliver"]
[Black "Takacs, Laszlo"]
[Result "1-0"]
[WhiteElo "2211"]
[BlackElo "2218"]
[PlyCount "67"]
[EventDate "2016.??.??"]

1. e4 c5 2. c3 Nf6 3. e5 Nd5 4. Nf3 e6 5. c4 Nb6 6. b3 Nc6 7. Bb2 Be7 8. Nc3 f6
9. Ne4 fxe5 10. Nxe5 Nxe5 11. Bxe5 O-O 12. Qg4 Rf7 13. Nd6 Bxd6 14. Bxd6 Qf6
15. Rc1 Qxf2+ 16. Kd1 Qf5 17. Qh4 g5 18. Qg3 e5 19. Bxe5 d5 20. cxd5 Nxd5 21.
Be2 Be6 22. h4 g4 23. h5 Rd8 24. Rxc5 Qb1+ 25. Rc1 Qxa2 26. Ra1 Ne3+ 27. Qxe3
Qxb3+ 28. Qxb3 Bxb3+ 29. Ke1 a6 30. Rh4 Rf5 31. d4 Kf7 32. Rc1 Rg5 33. Rxg4
Rxg4 34. Bxg4 1-0

[Event "SR 2. liga A 2016/2017"]
[Site "?"]
[Date "2017.03.11"]
[Round "10.6"]
[White "Darazs, Zoltan"]
[Black "Cajka, Tibor"]
[Result "1-0"]
[WhiteElo "2129"]
[BlackElo "2072"]
[PlyCount "83"]
[EventDate "2016.??.??"]

1. e4 c5 2. Nf3 d6 3. d4 cxd4 4. Nxd4 Nf6 5. Nc3 a6 6. Bg5 e6 7. f4 h6 8. Bh4
Qa5 9. Qd2 b5 10. Bxf6 gxf6 11. f5 b4 12. Nce2 e5 13. Nb3 Qb6 14. g4 a5 15. Ng3
a4 16. Nc1 Bb7 17. Bc4 Nd7 18. Nd3 Rc8 19. Bd5 Bxd5 20. exd5 Rc4 21. Nf2 Rd4
22. Qe2 Rxd5 23. O-O Qb5 24. Qf3 Nb6 25. Nfe4 Be7 26. Nh5 Nd7 27. Rad1 Rxd1 28.
Rxd1 Kf8 29. Qd3 Qb6+ 30. Kg2 Qc6 31. Kf3 Nb6 32. c4 bxc3 33. Qxc3 Qb7 34. Qc2
d5 35. Nexf6 e4+ 36. Kg3 Bxf6 37. Nxf6 Ke7 38. Nxd5+ Nxd5 39. Qc5+ Kf6 40. Qd4+
Ke7 41. Qe5+ Kd7 42. Rxd5+ 1-0

[Event "SR 2. liga A 2016/2017"]
[Site "?"]
[Date "2017.03.11"]
[Round "10.6"]
[White "Cibulka, Vladimir"]
[Black "Pericka, Tomas"]
[Result "1/2-1/2"]
[WhiteElo "2157"]
[BlackElo "2033"]
[PlyCount "68"]
[EventDate "2016.??.??"]

1. d4 g6 2. Nf3 Bg7 3. Bf4 c5 4. c3 cxd4 5. cxd4 Nf6 6. Nc3 O-O 7. e3 d5 8. Be2
Nc6 9. O-O Bg4 10. h3 Bxf3 11. Bxf3 e6 12. Rc1 a6 13. Na4 Nd7 14. Qb3 Na5 15.
Qc3 Nc6 16. Qb3 Na5 17. Qc3 Nc6 18. Nc5 Nxc5 19. Qxc5 Rc8 20. Qa3 Re8 21. Qb3
Qd7 22. Rfd1 Na5 23. Qb4 Nc4 24. b3 Bf8 25. Qe1 Nd6 26. Rxc8 Rxc8 27. Rc1 Rc6
28. Qd2 Qc8 29. Rxc6 Qxc6 30. Qa5 Ne4 31. Bxe4 dxe4 32. Qd8 Qc1+ 33. Kh2 Qa3
34. Bh6 Qd6+ 1/2-1/2

[Event "SR 2. liga A 2016/2017"]
[Site "?"]
[Date "2017.03.11"]
[Round "10.6"]
[White "Diviak, Rastislav"]
[Black "Veselsky, Jozef"]
[Result "0-1"]
[WhiteElo "1955"]
[BlackElo "2068"]
[PlyCount "66"]
[EventDate "2016.??.??"]

1. e4 c5 2. Nf3 g6 3. c3 Nf6 4. e5 Nd5 5. d4 cxd4 6. cxd4 Bg7 7. Bc4 Nb6 8. Bb3
O-O 9. O-O Nc6 10. Bf4 d6 11. exd6 exd6 12. Bg5 Qc7 13. h3 Bf5 14. Nc3 Rae8 15.
Qd2 Na5 16. Nb5 Nxb3 17. Nxc7 Nxd2 18. Nxd2 Rc8 19. Nb5 Bd3 20. Nxd6 Rc6 21.
Nxb7 Bxf1 22. Kxf1 Bxd4 23. Re1 Bxb2 24. Ne4 Nd5 25. Rd1 Nc3 26. Nxc3 Bxc3 27.
Rd7 Re8 28. g3 Be5 29. Nd8 Rc7 30. Rd3 Kg7 31. Kg2 h6 32. Bf4 Bxf4 33. gxf4 Kf6
0-1

[Event "SR 2. liga A 2016/2017"]
[Site "?"]
[Date "2017.03.11"]
[Round "10.6"]
[White "Kalmar, Tamas"]
[Black "Ocko, Martin"]
[Result "1-0"]
[WhiteElo "2062"]
[BlackElo "1967"]
[PlyCount "93"]
[EventDate "2016.??.??"]

1. d4 Nf6 2. c4 e6 3. Nf3 d5 4. Nc3 Be7 5. Bg5 O-O 6. e3 Nbd7 7. Rc1 c6 8. Qc2
dxc4 9. Bxc4 Nd5 10. Bxe7 Qxe7 11. O-O Nxc3 12. Qxc3 Nf6 13. Rfd1 Ne4 14. Qc2
Ng5 15. Be2 Nxf3+ 16. Bxf3 g6 17. Qc5 Qxc5 18. dxc5 e5 19. Rd6 Re8 20. Kf1 Be6
21. a3 Rad8 22. Rcd1 Rxd6 23. Rxd6 Kf8 24. Ke1 Ke7 25. Kd2 Rd8 26. Rxd8 Kxd8
27. Be2 f6 28. f4 exf4 29. exf4 Bd5 30. g3 Ke7 31. Ke3 Be6 32. Kd4 Bd5 33. Bf1
Be6 34. Bg2 Bb3 35. Bf3 Be6 36. b4 Bb3 37. g4 Be6 38. g5 Bh3 39. Be4 Ke6 40. b5
fxg5 41. bxc6 bxc6 42. fxg5 Bf1 43. Bxc6 Kf5 44. Bd7+ Kxg5 45. c6 Bb5 46. Kc5
Ba6 47. Kb4 1-0

[Event "SR 2. liga A 2016/2017"]
[Site "?"]
[Date "2017.03.11"]
[Round "10.6"]
[White "Sobek, Michal"]
[Black "Vegh, Vince"]
[Result "1-0"]
[WhiteElo "1943"]
[BlackElo "1921"]
[PlyCount "45"]
[EventDate "2016.??.??"]

1. e4 c5 2. Nc3 Nc6 3. Nf3 e6 4. d4 cxd4 5. Nxd4 Nf6 6. Be3 Be7 7. Be2 O-O 8.
f4 d5 9. e5 Ne8 10. Qd2 Nxd4 11. Bxd4 g6 12. O-O a6 13. g4 b5 14. h4 Bd7 15. f5
exf5 16. Nxd5 Bc6 17. Nxe7+ Qxe7 18. Kh2 fxg4 19. Rg1 Qe6 20. Bxg4 Qe7 21. b4
Rd8 22. Qc3 Ng7 23. Bc5 1-0

[Event "SR 2. liga A 2016/2017"]
[Site "?"]
[Date "2017.03.12"]
[Round "11.1"]
[White "Schwarz, Dusan"]
[Black "Jancovic, Peter"]
[Result "0-1"]
[WhiteElo "2319"]
[BlackElo "2246"]
[PlyCount "86"]
[EventDate "2016.??.??"]

1. d4 Nf6 2. c4 e6 3. Nc3 d5 4. Bg5 Nbd7 5. e3 c6 6. Nf3 Qa5 7. cxd5 Nxd5 8.
Qd2 Bb4 9. Rc1 h6 10. Bh4 O-O 11. Bd3 e5 12. O-O Re8 13. dxe5 Nxc3 14. bxc3 Ba3
15. Rb1 Nxe5 16. Nxe5 Qxe5 17. Be2 Be7 18. Bxe7 Qxe7 19. Qb2 b6 20. Bf3 Qc7 21.
Rbd1 Ba6 22. Rfe1 Rad8 23. Qa3 Bc4 24. Rd4 Be6 25. Red1 c5 26. R4d2 Rxd2 27.
Rxd2 Rd8 28. Qc1 b5 29. a3 a5 30. h3 Rxd2 31. Qxd2 Qb6 32. Be4 b4 33. cxb4 axb4
34. axb4 cxb4 35. Bb1 b3 36. Qd3 g6 37. Kh2 Qc7+ 38. g3 Qc1 39. e4 Bc4 40. Qd8+
Kh7 41. Qd4 b2 42. h4 h5 43. Qc5 Ba2 0-1

[Event "SR 2. liga A 2016/2017"]
[Site "?"]
[Date "2017.03.12"]
[Round "11.1"]
[White "Hacik, Radomir"]
[Black "Cech, Dominik"]
[Result "1/2-1/2"]
[WhiteElo "2135"]
[BlackElo "2191"]
[PlyCount "51"]
[EventDate "2016.??.??"]

1. e4 c5 2. Nf3 e6 3. d4 cxd4 4. Nxd4 Nc6 5. Nc3 Qc7 6. Nb3 a6 7. Bd3 b5 8. O-O
Bb7 9. Be3 Nf6 10. f4 d6 11. Qe2 Be7 12. a4 b4 13. Nd1 Na5 14. Nf2 e5 15. fxe5
dxe5 16. Nxa5 Qxa5 17. Bg5 O-O 18. Kh1 Qc5 19. Ng4 Nxg4 20. Bxe7 Qxe7 21. Qxg4
Rad8 22. Qe2 a5 23. Rf3 g6 24. Raf1 Kg7 25. Rh3 Qg5 26. Rg3 1/2-1/2

[Event "SR 2. liga A 2016/2017"]
[Site "?"]
[Date "2017.03.12"]
[Round "11.1"]
[White "Petrik, Stanislav"]
[Black "Privara, Igor"]
[Result "1/2-1/2"]
[WhiteElo "2112"]
[BlackElo "2154"]
[PlyCount "116"]
[EventDate "2016.??.??"]

1. e4 c5 2. Nf3 Nc6 3. Bb5 g6 4. O-O Bg7 5. Re1 Nf6 6. Nc3 O-O 7. e5 Ng4 8.
Bxc6 dxc6 9. h3 Nh6 10. d3 Nf5 11. Ne4 b6 12. Bf4 Nd4 13. Nh2 Qc7 14. Nd2 Rd8
15. Rc1 Bf5 16. Bg3 Be6 17. Ng4 Nf5 18. Bh2 Qd7 19. b3 h5 20. Ne3 Nxe3 21. Rxe3
a5 22. a4 Bh6 23. Re4 Bf5 24. Re2 b5 25. Rb1 Qd5 26. Qe1 Bxd2 27. Qxd2 c4 28.
bxc4 bxc4 29. Rb7 cxd3 30. cxd3 Qxd3 31. Qxd3 Bxd3 32. Re1 Kf8 33. e6 f6 34.
Rc1 Be4 35. g4 hxg4 36. hxg4 Bd5 37. g5 Bxe6 38. gxf6 exf6 39. Bc7 Rd7 40. Rxc6
Kf7 41. Rb8 Rxb8 42. Bxb8 Bb3 43. Ra6 Rd5 44. Bc7 Rg5+ 45. Kh2 Bxa4 46. Rxa5
Rg4 47. Ra7 Ke6 48. Ra6+ Kd7 49. Bg3 Bc6 50. f4 g5 51. fxg5 Rxg5 52. Bh4 Rg2+
53. Kh3 Rg6 54. Ra7+ Ke6 55. Ra6 Kd5 56. Ra7 Ke4 57. Rf7 f5 58. Rf6 Rxf6
1/2-1/2

[Event "SR 2. liga A 2016/2017"]
[Site "?"]
[Date "2017.03.12"]
[Round "11.1"]
[White "Sulek, Viliam"]
[Black "Nemsak, Denis"]
[Result "0-1"]
[WhiteElo "2029"]
[BlackElo "2035"]
[PlyCount "137"]
[EventDate "2016.??.??"]

1. e4 d5 2. exd5 Nf6 3. d4 Nxd5 4. Nf3 g6 5. Be2 Bg7 6. O-O O-O 7. c4 Nb6 8. h3
Nc6 9. d5 Ne5 10. Nxe5 Bxe5 11. Nc3 e6 12. Bh6 Re8 13. Qd2 Qe7 14. Rad1 exd5
15. cxd5 Bf5 16. Rfe1 Rad8 17. Bf3 Nc4 18. Qe2 Qb4 19. a3 Qb3 20. Ne4 Bxe4 21.
Qxe4 Bh2+ 22. Kxh2 Rxe4 23. Rxe4 Nd6 24. Rb4 Qc2 25. Rd2 Qb1 26. Rd1 Qf5 27.
Rc1 a5 28. Ra4 g5 29. Bxg5 Qxg5 30. Rg4 Qxg4 31. hxg4 Rd7 32. a4 Kg7 33. Kg3
Kf6 34. Kf4 Re7 35. g5+ Kg7 36. g4 h6 37. gxh6+ Kxh6 38. Rh1+ Kg6 39. Rc1 b6
40. Rc2 Nb7 41. Be4+ Kg7 42. f3 Nc5 43. Rc4 f6 44. b4 axb4 45. Rxb4 Nb7 46. Rb1
Kf7 47. Rf1 Nc5 48. Ra1 Re8 49. Rh1 Re7 50. Rh7+ Ke8 51. Rh8+ Kf7 52. Ra8 Nb7
53. Rh8 Nc5 54. a5 bxa5 55. Ra8 a4 56. Ra5 Nb7 57. Rxa4 Nd6 58. Ra8 Re8 59. Ra7
Re7 60. Ra1 Kg8 61. Rh1 Rg7 62. Bf5 Kf8 63. Be6 Ke7 64. Rh6 Ne8 65. Ke4 c6 66.
Kd4 Nc7 67. Kc5 cxd5 68. Bxd5 Rg5 69. Rh5 (69. Rh7+ Kd8 70. Rh5 Ke7) 0-1

[Event "SR 2. liga A 2016/2017"]
[Site "?"]
[Date "2017.03.12"]
[Round "11.1"]
[White "Orosi, Peter"]
[Black "Nestorenko, Dmitry"]
[Result "1/2-1/2"]
[WhiteElo "2106"]
[BlackElo "2088"]
[PlyCount "53"]
[EventDate "2016.??.??"]

1. e4 c5 2. c3 d5 3. exd5 Qxd5 4. d4 Nc6 5. Nf3 Bg4 6. Be2 cxd4 7. cxd4 e6 8.
h3 Bh5 9. O-O Nf6 10. Nc3 Qd7 11. Be3 Bb4 12. Ne5 Nxe5 13. Bxh5 Nc6 14. Bf3 O-O
15. Qb3 Bxc3 16. bxc3 Rad8 17. Bg5 b6 18. Rfe1 Na5 19. Qb4 Qd6 20. Qb5 Rfe8 21.
Bxf6 gxf6 22. Qh5 f5 23. Qg5+ Kh8 24. Qf6+ Kg8 25. Qg5+ Kh8 26. Qf6+ Kg8 27.
Qg5+ 1/2-1/2

[Event "SR 2. liga A 2016/2017"]
[Site "?"]
[Date "2017.03.12"]
[Round "11.1"]
[White "Cambel, Vladimir"]
[Black "Petrik, Karol"]
[Result "1-0"]
[WhiteElo "2036"]
[BlackElo "2087"]
[PlyCount "83"]
[EventDate "2016.??.??"]

1. Nf3 c5 2. c4 Nf6 3. Nc3 g6 4. g3 Bg7 5. Bg2 O-O 6. O-O d6 7. d4 Nc6 8. Bg5
cxd4 9. Nxd4 Nxd4 10. Qxd4 Ng4 11. Qe4 f6 12. Bf4 f5 13. Qd5+ Kh8 14. Qd2 Ne5
15. b3 Nc6 16. Rac1 Be6 17. Rfd1 Bf7 18. Bh6 Qa5 19. Bxg7+ Kxg7 20. h4 Qe5 21.
Nd5 Bxd5 22. cxd5 Nd8 23. Rc7 Re8 24. h5 Qf6 25. e4 Rb8 26. Re1 fxe4 27. hxg6
hxg6 28. Rxe4 Nf7 29. Re6 Qg5 30. Qc3+ Kg8 31. Be4 Nh8 32. f4 Qg4 33. Kf2 Qh5
34. Rxd6 Qh2+ 35. Bg2 Qh6 36. Re6 Qf8 37. Be4 g5 38. Qe5 gxf4 39. gxf4 Qg7 40.
Rexe7 Rxe7 41. Rxe7 Qxe5 42. fxe5 1-0

[Event "SR 2. liga A 2016/2017"]
[Site "?"]
[Date "2017.03.12"]
[Round "11.1"]
[White "Polacik, Igor"]
[Black "Sturc, Jan"]
[Result "1-0"]
[WhiteElo "2191"]
[BlackElo "1984"]
[PlyCount "68"]
[EventDate "2016.??.??"]

1. e4 c5 2. Nf3 Nc6 3. d4 cxd4 4. Nxd4 Nf6 5. Nc3 e5 6. Ndb5 d6 7. Bg5 a6 8.
Na3 b5 9. Bxf6 gxf6 10. Nd5 f5 11. c3 fxe4 12. Bxb5 axb5 13. Nxb5 Be6 14. Nbc7+
Kd7 15. Nxa8 Bxd5 16. Qxd5 Qxa8 17. Qxe4 Bh6 18. O-O Ne7 19. Qh4 Rg8 20. g3 Rg6
21. a4 f5 22. a5 Nd5 23. Qc4 Nf4 24. Qf7+ Kd8 25. f3 Nh3+ 26. Kg2 Ng5 27. Qxf5
e4 28. fxe4 Re6 29. Qd5 Qa6 30. Rae1 Re5 31. Qd4 Kc7 32. Rf6 Bg7 33. Qxe5 Bxf6
34. Qxf6 Qxa5 1-0

[Event "SR 2. liga A 2016/2017"]
[Site "?"]
[Date "2017.03.12"]
[Round "11.1"]
[White "Briestenska, Andrea"]
[Black "Krajnak, Robert"]
[Result "0-1"]
[WhiteElo "2016"]
[BlackElo "2048"]
[PlyCount "53"]
[EventDate "2016.??.??"]

1. f4 c5 2. Nf3 g6 3. e4 Bg7 4. Nc3 Nc6 5. Bb5 Nd4 6. Bc4 d6 7. O-O e6 8. Kh1
Ne7 9. Nxd4 cxd4 10. Ne2 O-O 11. d3 Bd7 12. a4 Bc6 13. Ng3 Nc8 14. f5 exf5 15.
exf5 Nb6 16. fxg6 hxg6 17. Bb3 Nd7 18. Ne4 Ne5 19. Bg5 Qd7 20. Bf6 Ng4 21. Rf4
Bxe4 22. Rxg4 Bf5 23. Rf4 Bxf6 24. g4 Be5 25. gxf5 Bxf4 26. fxg6 Qc6+ 27. Kg1
0-1